Spanish Speaking Countries by Shape - Statistics

General Stats
  • This quiz has been taken 1,203 times
  • The average score is 12 of 20
Answer Stats
Picture Answer % Correct
Chile
95%
Mexico
92%
Argentina
86%
Cuba
84%
Spain
83%
Panama
74%
Peru
65%
Colombia
58%
Ecuador
55%
Bolivia
52%
Guatemala
52%
Venezuela
47%
Paraguay
46%
Nicaragua
42%
Costa Rica
41%
El Salvador
41%
Uruguay
41%
Equatorial Guinea
39%
Honduras
39%
Dominican Republic
37%
No matching quizzes found
Score Distribution
Percent of People with Each Score
Percentile by Number Answered
Your Score History
You have not taken this quiz